| 000 | 00471nam a2200169Ia 4500 | ||
|---|---|---|---|
| 008 | 090201s9999 xx 000 0 und d | ||
| 010 | _aKPL-26690 | ||
| 040 | _bमराठी | ||
| 041 | _aमराठी | ||
| 082 |
_a23001 _b26690 |
||
| 100 | _aशंकर शेष | ||
| 245 |
_aकाळजयी _cशंकर शेष |
||
| 260 |
_c2004 _bविश्वभारती |
||
| 300 |
_a93 _bलहान |
||
| 600 | _aकाळजयी | ||
| 942 | _cBOOK | ||
| 999 |
_c222490 _d222490 |
||